[Event "France Jeunes Belfort 2017"]
[Site "Belfort"]
[Date "2017.04.22"]
[Round "8.3"]
[White "Georges, Lisa"]
[Black "Lomandong, Noela-Joyce"]
[Result "0-1"]
[WhiteElo "1704"]
[BlackElo "1987"]
[PlyCount "130"]
[EventDate "2017.??.??"]
[TimeControl "6000+805"]
[WhiteClock "0:03:21"]
[BlackClock "0:01:51"]

1. e4 c5 2. Nf3 d6 3. d4 cxd4 4. Nxd4 Nf6 5. Nc3 g6 6. Be3 Bg7 7. f3 Nc6 8. Bc4
Bd7 9. Qd2 Ne5 10. Bb3 h5 11. O-O-O Rc8 12. h3 Qa5 13. f4 Nc4 14. Bxc4 Rxc4 15.
Nb3 Qc7 16. Bd4 e5 17. Bf2 Rxc3 18. Qxc3 Qxc3 19. bxc3 Nxe4 20. Bxa7 Bh6 21.
Kb2 Bxf4 22. Rhe1 f5 23. c4 Bg3 24. Re2 Bc6 25. Nd2 Ke7 26. Nxe4 Bxe4 27. Bb6
Rc8 28. Kb3 Bf4 29. Rg1 Ke6 30. Be3 g5 31. Bb6 Bg3 32. Be3 Bf4 33. Bb6 Rc6 34.
Bf2 h4 35. Be1 Rb6+ 36. Kc3 d5 37. cxd5+ Bxd5 38. Bd2 Rc6+ 39. Kb2 Rb6+ 40. Kc3
Rc6+ 41. Kb2 Ra6 42. a3 Rb6+ 43. Kc3 Rc6+ 44. Kb2 e4 45. Rd1 Be5+ 46. c3 f4 47.
Rde1 Kf5 48. Rc1 Rb6+ 49. Ka1 Rb3 50. Rc2 Rxa3+ 51. Kb2 Rb3+ 52. Kc1 Bc4 53.
Re1 e3 54. Bxe3 fxe3 55. Rxe3 Bf4 56. Kd2 Bf1 57. Ke1 Rb1+ 58. Kf2 Bc4 59. Ree2
Bxe2 60. Kxe2 Be5 61. c4 Rb3 62. c5 Rg3 63. Kf1 Rc3 64. Rb2 Rc1+ 65. Ke2 Bxb2
0-1

[Event "France Jeunes Belfort 2017"]
[Site "Belfort"]
[Date "2017.04.22"]
[Round "8.3"]
[White "Kambrath, Yannick"]
[Black "Jrade, Willis"]
[Result "1-0"]
[WhiteElo "2341"]
[BlackElo "2113"]
[PlyCount "89"]
[EventDate "2017.??.??"]
[TimeControl "6000+735"]
[WhiteClock "0:19:00"]
[BlackClock "0:11:30"]

1. d4 Nf6 2. c4 g6 3. d5 e5 4. Nc3 Bc5 5. e4 d6 6. Be2 c6 7. Nf3 Bg4 8. O-O
Nbd7 9. Rb1 a5 10. Bh6 Nh5 11. Na4 cxd5 12. Nxc5 Nxc5 13. cxd5 f6 14. g3 Rg8
15. Nd2 Bxe2 16. Qxe2 Qb6 17. Be3 Ng7 18. Rfc1 Qa6 19. Qxa6 Nxa6 20. Nc4 Nb4
21. a3 Na2 22. Rd1 b5 23. Nb6 Rb8 24. Ra1 f5 25. f3 Rf8 26. Kg2 Rf7 27. Rxa2
Rfb7 28. Rc1 Rxb6 29. Bxb6 Rxb6 30. Rc7 Kf8 31. b4 Ne8 32. Ra7 axb4 33. axb4
Nf6 34. Rc7 Rb8 35. Raa7 Kg8 36. Rg7+ Kh8 37. Rgf7 Nh5 38. exf5 Rc8 39. Rxh7+
Kg8 40. fxg6 e4 41. Rxh5 e3 42. Re7 Rc2+ 43. Kh3 e2 44. g7 e1=Q 45. Rh8# 1-0

[Event "France Jeunes Belfort 2017"]
[Site "Belfort"]
[Date "2017.04.22"]
[Round "8.3"]
[White "Mata, Maria"]
[Black "Leriche, Ines"]
[Result "0-1"]
[WhiteElo "1717"]
[BlackElo "2037"]
[PlyCount "74"]
[EventDate "2017.??.??"]
[TimeControl "6000+1255"]
[WhiteClock "0:01:04"]
[BlackClock "0:17:36"]

1. e4 c6 2. Nc3 d5 3. Nf3 Nf6 4. Qe2 d4 5. Nb1 Bg4 6. d3 Nbd7 7. Nbd2 e5 8. h3
Bxf3 9. Nxf3 Bb4+ 10. Nd2 O-O 11. g3 Qc7 12. Bg2 b5 13. O-O c5 14. f4 Rac8 15.
Nf3 Nh5 16. Nxe5 Nxg3 17. Qg4 Nxf1 18. Nxd7 f5 19. Qe2 Qxd7 20. Qxf1 c4 21. e5
Rc7 22. a3 Ba5 23. b4 cxb3 24. cxb3 Rc2 25. b4 Bb6 26. Rb1 Rfc8 27. Qd1 Qf7 28.
Qf1 Qa2 29. Bb2 Rxb2 30. Bd5+ Qxd5 31. Rxb2 Qc6 32. Kh2 Qc1 33. Qxc1 Rxc1 34.
Rb3 Rc3 35. Rb2 Rxd3 36. a4 bxa4 37. Ra2 a3 0-1

[Event "France Jeunes Belfort 2017"]
[Site "Belfort"]
[Date "2017.04.22"]
[Round "8.3"]
[White "Mohammad, Fahim"]
[Black "Bressy, Theo"]
[Result "0-1"]
[WhiteElo "2281"]
[BlackElo "2039"]
[PlyCount "128"]
[EventDate "2017.??.??"]
[TimeControl "6000+825"]
[WhiteClock "0:01:19"]
[BlackClock "0:03:02"]

1. Nf3 g6 2. g3 Bg7 3. Bg2 e5 4. d3 Ne7 5. O-O O-O 6. c4 d6 7. Nc3 f5 8. Qc2
Nd7 9. Rb1 Nf6 10. b4 h6 11. Bb2 g5 12. c5 Ng6 13. cxd6 cxd6 14. Qb3+ Kh8 15.
Nd2 Rb8 16. Rbc1 b5 17. a4 a6 18. axb5 axb5 19. Qa2 Bb7 20. e4 Qd7 21. exf5
Bxg2 22. Kxg2 Qxf5 23. Nce4 Qd7 24. Qa6 d5 25. Nc5 Qg4 26. f3 Qxb4 27. Ndb3 Ra8
28. Qb7 Ra2 29. Rf2 g4 30. f4 Rxb2 31. Rxb2 exf4 32. Ne6 f3+ 33. Kf1 Rg8 34.
Rc8 Ne7 35. Rxg8+ Kxg8 36. Qb8+ Kf7 37. Qe5 Ng6 38. Qc7+ Ne7 39. Nxg7 Kxg7 40.
Qc5 Qxc5 41. Nxc5 Kg6 42. Rxb5 Kf5 43. Rb6 Ng6 44. Kf2 Ne5 45. Ke3 h5 46. Rd6
Nf7 47. Ra6 Ke5 48. Ne6 d4+ 49. Kf2 Nd5 50. Nc5 Nb4 51. Rb6 Kd5 52. Rxb4 Kxc5
53. Rc4+ Kd5 54. Ra4 Ne5 55. Ra5+ Kd6 56. Ra6+ Kd5 57. Ra5+ Kd6 58. Ke1 Nxd3+
59. Kd2 Nc5 60. Ra8 Kd5 61. Rh8 Kc4 62. Rxh5 Ne4+ 63. Kc2 d3+ 64. Kd1 Kd4 0-1

[Event "France Jeunes Belfort 2017"]
[Site "Belfort"]
[Date "2017.04.22"]
[Round "8.3"]
[White "Papadiamandis, Elliot"]
[Black "Emmenecker, Pierre-Antoine"]
[Result "1/2-1/2"]
[WhiteElo "1944"]
[BlackElo "1737"]
[PlyCount "103"]
[EventDate "2017.??.??"]
[TimeControl "6000+945"]
[WhiteClock "0:00:33"]
[BlackClock "0:04:14"]

1. e4 e5 2. Nf3 Nc6 3. Bc4 Nf6 4. d3 h6 5. c3 d6 6. Bb3 g6 7. Nbd2 Bg7 8. O-O
O-O 9. Re1 Re8 10. Nf1 Be6 11. Ng3 a5 12. h3 Bxb3 13. Qxb3 a4 14. Qd1 d5 15.
Qe2 Qd7 16. Nh2 b5 17. Qf3 Kh7 18. Ng4 Nxg4 19. hxg4 d4 20. Ne2 Re7 21. g3 Rd8
22. Rd1 Qe6 23. Kg2 Red7 24. g5 h5 25. Bd2 Bf8 26. Rac1 Be7 27. c4 b4 28. Rh1
Kg7 29. Rh4 Rh8 30. Ng1 Rdd8 31. Qd1 Ra8 32. f4 Bc5 33. Qf3 f5 34. gxf6+ Qxf6
35. fxe5 Nxe5 36. Qe2 Raf8 37. Rf4 Qe6 38. Nh3 Be7 39. Rcf1 Rf6 40. Rxf6 Bxf6
41. Bxb4 Qb6 42. a3 Ng4 43. Rf3 c5 44. Bd2 Ne5 45. Rf1 Qb3 46. Nf4 Re8 47. Nd5
Re6 48. Nf4 Re8 49. Qf2 Ng4 50. Qe2 Ne5 51. Qf2 Ng4 52. Qe2 1/2-1/2

[Event "France Jeunes Belfort 2017"]
[Site "Belfort"]
[Date "2017.04.22"]
[Round "8.3"]
[White "Poulet, Benoit"]
[Black "Cohen Revivo, Shoham"]
[Result "0-1"]
[WhiteElo "1837"]
[BlackElo "2221"]
[PlyCount "98"]
[EventDate "2017.??.??"]
[TimeControl "6000+935"]
[WhiteClock "0:16:44"]
[BlackClock "0:48:16"]

1. e4 e6 2. d4 d5 3. Nc3 Nf6 4. Bg5 dxe4 5. Nxe4 Be7 6. Bxf6 gxf6 7. Nf3 f5 8.
Nc3 a6 9. Qd2 Qd6 10. Bc4 b5 11. Bb3 Nd7 12. O-O-O c5 13. dxc5 Qxd2+ 14. Rxd2
Nxc5 15. Rf1 Bb7 16. Ne1 Bf6 17. Ne2 Rc8 18. Kb1 Ke7 19. f3 a5 20. c3 Rhd8 21.
Rxd8 Rxd8 22. Bc2 b4 23. cxb4 axb4 24. Rf2 Ba6 25. Nc1 f4 26. g3 h5 27. Ng2
fxg3 28. hxg3 Rg8 29. Nf4 Rxg3 30. Nxh5 Rg1 31. Nxf6 Nd3 32. Ng8+ Kf8 33. Bxd3
Bxd3+ 34. Rc2 Kxg8 35. b3 Kg7 36. Kb2 Bxc2 37. Kxc2 Rg2+ 38. Kd3 Kf6 39. Ke3
Rc2 40. Nd3 Rxa2 41. Nxb4 Rb2 42. Nd3 Rxb3 43. Ke2 Kf5 44. Ke3 Rxd3+ 45. Kxd3
Kf4 46. Ke2 f5 47. Kf2 e5 48. Kg2 Ke3 49. Kg3 f4+ 0-1

[Event "France Jeunes Belfort 2017"]
[Site "Belfort"]
[Date "2017.04.22"]
[Round "8.3"]
[White "Trouve, Guillaume"]
[Black "Gatineau, Yovann"]
[Result "0-1"]
[WhiteElo "2134"]
[BlackElo "2214"]
[PlyCount "54"]
[EventDate "2017.??.??"]
[TimeControl "6000+930"]
[WhiteClock "0:01:20"]
[BlackClock "0:23:53"]

1. e4 c5 2. Nf3 e6 3. d4 cxd4 4. Nxd4 Nf6 5. Nc3 Nc6 6. Ndb5 Bb4 7. a3 Bxc3+ 8.
Nxc3 d5 9. exd5 exd5 10. Bg5 d4 11. Qe2+ Be6 12. O-O-O Qa5 13. Bxf6 gxf6 14.
Ne4 O-O-O 15. Qb5 Qc7 16. Kb1 Rd5 17. Qd3 Rhd8 18. Qg3 Ne5 19. Nxf6 Ra5 20. b4
d3 21. Bxd3 Rxa3 22. Ne4 a5 23. Rhe1 f6 24. Qe3 Nxd3 25. Nc5 Ba2+ 26. Ka1 Nxe1
27. Rxd8+ Qxd8 0-1

[Event "France Jeunes Belfort 2017"]
[Site "Belfort"]
[Date "2017.04.22"]
[Round "8.3"]
[White "Yuan, Beline"]
[Black "Labrande, Eleonore"]
[Result "1/2-1/2"]
[WhiteElo "1845"]
[BlackElo "1635"]
[PlyCount "73"]
[EventDate "2017.??.??"]
[TimeControl "6000+515"]
[WhiteClock "0:05:26"]
[BlackClock "0:06:34"]

1. d4 g6 2. c4 Bg7 3. Nc3 c5 4. d5 Bxc3+ 5. bxc3 f5 6. Nf3 Qa5 7. Qc2 Nf6 8. e3
d6 9. Bd3 Nbd7 10. h3 Ne5 11. Be2 O-O 12. O-O Ne4 13. Bb2 Bd7 14. a4 Rab8 15.
Rfd1 Nxf3+ 16. gxf3 Nf6 17. f4 Ne4 18. Bd3 Qd8 19. Kh2 Nf6 20. Rg1 Nh5 21. Rg5
e5 22. Rag1 Kh8 23. fxe5 dxe5 24. Be2 Nf6 25. f3 e4 26. f4 Qe8 27. Ra1 h6 28.
Rg3 Nh7 29. h4 Qe7 30. Rh3 Rg8 31. Rg1 Rg7 32. Bd1 Nf6 33. Ba3 b6 34. Qd2 Ng4+
35. Kh1 h5 36. Rg2 Qf6 37. Bb2 1/2-1/2

[Event "France Jeunes Belfort 2017"]
[Site "Belfort"]
[Date "2017.04.22"]
[Round "8.4"]
[White "Bergougnoux, Axel"]
[Black "Bournel, Antoine"]
[Result "1-0"]
[WhiteElo "2194"]
[BlackElo "1933"]
[PlyCount "123"]
[EventDate "2017.??.??"]
[TimeControl "6000+780"]
[WhiteClock "0:03:18"]
[BlackClock "0:02:17"]

1. e4 c5 2. Nf3 Nc6 3. d4 cxd4 4. Nxd4 g6 5. Nc3 Bg7 6. Nde2 Nf6 7. g3 b5 8.
Bg2 Rb8 9. O-O O-O 10. h3 d6 11. Re1 Nd7 12. Nd5 e6 13. Ne3 Nb6 14. Rb1 Qc7 15.
b3 a5 16. f4 b4 17. f5 exf5 18. exf5 gxf5 19. Nf4 Ne5 20. Bb2 Be6 21. Qh5 Ng6
22. Bxg7 Kxg7 23. Qg5 Qc3 24. Kh2 h6 25. Nxf5+ Bxf5 26. Nh5+ Kh8 27. Qxf5 Rbc8
28. Re3 Rc5 29. Qf3 Qd4 30. Rd1 Qb2 31. Rxd6 Rxc2 32. Red3 Nc8 33. R6d4 f5 34.
Rd8 Nce7 35. Rxf8+ Nxf8 36. Rd8 Neg6 37. Qa8 Re2 38. Rxf8+ Nxf8 39. Qxf8+ Kh7
40. Qf7+ Kh8 41. Qf8+ Kh7 42. Qxf5+ Kh8 43. Qf8+ Kh7 44. Qf7+ Kh8 45. Nf4 Rxg2+
46. Nxg2 Qxa2 47. Kg1 Qd2 48. Nf4 Qe1+ 49. Kg2 Qe4+ 50. Kf2 Qd4+ 51. Kf3 Qd1+
52. Ke4 Qc2+ 53. Ke5 Qc3+ 54. Kf5 Qc2+ 55. Kg4 Qd1+ 56. Kh4 Qd8+ 57. Kg4 Qd1+
58. Kf5 Qc2+ 59. Kf6 Qc3+ 60. Kg6 Qxg3+ 61. Kxh6 Qh4+ 62. Nh5 1-0

[Event "France Jeunes Belfort 2017"]
[Site "Belfort"]
[Date "2017.04.22"]
[Round "8.4"]
[White "Cornileau, Juliette"]
[Black "Peyssonneaux, Salome"]
[Result "1-0"]
[WhiteElo "1482"]
[BlackElo "1428"]
[PlyCount "45"]
[EventDate "2017.??.??"]
[TimeControl "6000+720"]
[WhiteClock "0:16:52"]
[BlackClock "0:20:19"]

1. e4 c5 2. Nc3 Nc6 3. Bb5 g6 4. Bxc6 dxc6 5. d3 Bg7 6. Be3 b6 7. Qd2 Nf6 8.
Bh6 O-O 9. Bxg7 Kxg7 10. f4 e6 11. Nf3 Bd7 12. O-O Qc7 13. Ne5 Rad8 14. Qf2 Qd6
15. Kh1 Qd4 16. Qh4 h6 17. Rf3 Rh8 18. Rh3 Nh5 19. Nxg6 Rhg8 20. Ne7 Rge8 21.
Qxh5 Qf6 22. e5 Qxf4 23. Rf3 1-0

[Event "France Jeunes Belfort 2017"]
[Site "Belfort"]
[Date "2017.04.22"]
[Round "8.4"]
[White "Guerin, Juliette"]
[Black "Aubert, Laurane"]
[Result "0-1"]
[WhiteElo "1945"]
[BlackElo "1998"]
[PlyCount "94"]
[EventDate "2017.??.??"]
[TimeControl "6000+810"]
[WhiteClock "0:06:20"]
[BlackClock "0:03:55"]

1. e4 c5 2. Nf3 e6 3. c3 Nf6 4. e5 Nd5 5. d4 cxd4 6. cxd4 d6 7. Bc4 Nc6 8. O-O
Be7 9. Qe2 O-O 10. Qe4 Qc7 11. Bd3 f5 12. exf6 Nxf6 13. Qe2 Nb4 14. Bc4 d5 15.
Bb3 Nc6 16. Nc3 a6 17. Rd1 Bd6 18. h3 Bd7 19. Be3 Rae8 20. Rac1 Qb8 21. a3 Kh8
22. Qd3 Na5 23. Bc2 Nc4 24. Rb1 Nxe3 25. Qxe3 e5 26. dxe5 Bxe5 27. Nxe5 Rxe5
28. Qg3 Qe8 29. Rbc1 Qe7 30. f4 Re3 31. Re1 Re8 32. Rxe3 Qxe3+ 33. Qxe3 Rxe3
34. Rd1 Bc6 35. Kf2 Re8 36. Rd4 Kg8 37. Bb3 Rd8 38. g4 Kf8 39. g5 Ng8 40. Bxd5
Ne7 41. Bxc6 Rxd4 42. Bxb7 Rd2+ 43. Ke1 Rxb2 44. Bxa6 Rb3 45. Nb5 Nd5 46. f5
Rxh3 47. a4 Nb6 0-1

[Event "France Jeunes Belfort 2017"]
[Site "Belfort"]
[Date "2017.04.22"]
[Round "8.4"]
[White "Heliot, Xabi"]
[Black "Pigeat, Alexandre"]
[Result "0-1"]
[WhiteElo "2081"]
[BlackElo "2259"]
[PlyCount "94"]
[EventDate "2017.??.??"]
[TimeControl "6000+960"]
[WhiteClock "0:01:07"]
[BlackClock "0:02:17"]

1. e4 e6 2. d4 d5 3. Nc3 Bb4 4. exd5 exd5 5. Bd3 Nc6 6. Nge2 Nge7 7. O-O Bf5 8.
Bxf5 Nxf5 9. Qd3 Nfe7 10. Qb5 a6 11. Qd3 O-O 12. Bg5 f6 13. Be3 Qd7 14. Na4 b6
15. a3 Bd6 16. c4 dxc4 17. Qxc4+ Kh8 18. Nac3 Nf5 19. Qd3 Rfe8 20. Rac1 Nce7
21. Ne4 Ng6 22. Nxd6 cxd6 23. Nf4 Ngh4 24. Rc3 g5 25. Nh5 Qf7 26. Qd1 b5 27. g3
Rg8 28. gxh4 gxh4+ 29. Kh1 Qd5+ 30. f3 Nxe3 31. Rxe3 Qxh5 32. d5 Rg7 33. f4 Qh6
34. Re6 Rag8 35. Qf3 Qg6 36. Qf2 h3 37. Rfe1 Qd3 38. Qe3 Qxd5+ 39. Qe4 Qc5 40.
Qe3 Qc2 41. Qf3 Qg6 42. Qf2 d5 43. f5 Qf7 44. Qf3 d4 45. Qe4 Rg4 46. Qf3 Qg7
47. Qf1 Qb7+ 0-1

[Event "France Jeunes Belfort 2017"]
[Site "Belfort"]
[Date "2017.04.22"]
[Round "8.4"]
[White "Lever, Erwan"]
[Black "Micottis, Dorian"]
[Result "0-1"]
[WhiteElo "2129"]
[BlackElo "2249"]
[PlyCount "94"]
[EventDate "2017.??.??"]
[TimeControl "6000+765"]
[WhiteClock "0:25:35"]
[BlackClock "0:18:39"]

1. d4 Nf6 2. Nf3 g6 3. Nbd2 d5 4. b3 Bg7 5. Bb2 O-O 6. c4 b6 7. g3 Bb7 8. Bg2
Nbd7 9. O-O e6 10. b4 c5 11. dxc5 bxc5 12. b5 d4 13. a4 Ne8 14. a5 Rc8 15. Qb3
Nd6 16. Ne1 Bxg2 17. Kxg2 e5 18. e4 f5 19. exf5 gxf5 20. Ndf3 e4 21. Ng1 f4 22.
Nh3 f3+ 23. Kh1 Ne5 24. Nf4 Rxf4 25. gxf4 Qh4 26. fxe5 Bxe5 27. Rg1+ Kh8 28.
Rg3 Bxg3 29. fxg3 Qf6 30. Nc2 f2 31. Rf1 Nxc4 32. Kg2 Nd2 33. Qe3 Nxf1 34. Kxf1
Qe6 35. Nxd4 Qh3+ 36. Kxf2 Qxh2+ 37. Ke1 Qxb2 38. Ne6 Qe5 39. Ng5 Rf8 40. b6
Qa1+ 41. Ke2 Qa2+ 42. Ke1 Qxa5+ 43. Ke2 Qa2+ 44. Ke1 Qb1+ 45. Ke2 Qf1+ 46. Kd2
Rd8+ 47. Kc2 Qd1+ 0-1

[Event "France Jeunes Belfort 2017"]
[Site "Belfort"]
[Date "2017.04.22"]
[Round "8.4"]
[White "Maache, Jawad"]
[Black "Boyer, Mahel"]
[Result "1-0"]
[WhiteElo "2119"]
[BlackElo "2020"]
[PlyCount "64"]
[EventDate "2017.??.??"]
[TimeControl "6000+1105"]
[WhiteClock "0:41:07"]
[BlackClock "0:15:35"]

1. d4 d5 2. Nc3 e5 3. dxe5 d4 4. Ne4 Nc6 5. Nf3 Bg4 6. Bf4 Nge7 7. h3 Bxf3 8.
exf3 Ng6 9. Qd2 Qd5 10. Be2 Nxf4 11. Qxf4 Qxe5 12. Qxe5+ Nxe5 13. O-O-O O-O-O
14. f4 Nc6 15. Ng5 Re8 16. Bg4+ Kb8 17. Nxf7 Rg8 18. Bf3 Nd8 19. Bd5 Ne6 20.
Rhe1 Bd6 21. Nxd6 cxd6 22. Rxe6 Rxe6 23. Bxe6 Re8 24. f5 g6 25. g4 gxf5 26.
gxf5 Re7 27. Rxd4 Rg7 28. Rg4 Re7 29. Rg8+ Kc7 30. Rc8+ Kb6 31. f6 Rxe6 32. f7
Re1+ 1-0

[Event "France Jeunes Belfort 2017"]
[Site "Belfort"]
[Date "2017.04.22"]
[Round "8.4"]
[White "Marcenac, Delphine"]
[Black "Bellahcene, Meriem"]
[Result "1/2-1/2"]
[WhiteElo "1452"]
[BlackElo "1919"]
[PlyCount "166"]
[EventDate "2017.??.??"]
[TimeControl "6000+1175"]
[WhiteClock "0:02:43"]
[BlackClock "0:02:47"]

1. e4 c5 2. Nc3 Nc6 3. Bb5 Nd4 4. Bc4 g6 5. d3 Bg7 6. Nf3 Nh6 7. Nxd4 cxd4 8.
Qf3 O-O 9. Ne2 Qb6 10. Bb3 e6 11. Qg3 f5 12. e5 Ng4 13. f4 d6 14. h3 Nh6 15.
exd6 Qxd6 16. O-O Nf7 17. Bd2 b5 18. a4 b4 19. Rae1 a5 20. Qf2 Bb7 21. Ng3 Bd5
22. Bxd5 Qxd5 23. b3 Rac8 24. Bc1 Rc6 25. Re2 Rfc8 26. Rfe1 Nd8 27. Bb2 Qd7 28.
Kf1 Nf7 29. Kg1 Qd5 30. Nf1 e5 31. fxe5 Bxe5 32. Nh2 Qd6 33. Nf3 Bg3 34. Re8+
Kg7 35. Qxd4+ Qxd4+ 36. Bxd4+ Kh6 37. Rxc8 Rxc8 38. Re2 Bc7 39. Bb2 Bb6+ 40. d4
Kg7 41. Kf1 Kf8 42. Ke1 Re8 43. Rxe8+ Kxe8 44. Ke2 Ke7 45. Kd3 Nd6 46. Nd2 Bc7
47. Nc4 Ne4 48. d5 Nf2+ 49. Kd4 Ne4 50. Bc1 Kd7 51. Bh6 Bd8 52. Bg7 Bc7 53.
Ne5+ Ke7 54. Nc6+ Kd7 55. Be5 Bb6+ 56. Kc4 Nd6+ 57. Bxd6 Kxd6 58. Kb5 Be3 59.
Nxa5 Kxd5 60. Nc6 f4 61. Nxb4+ Ke4 62. a5 g5 63. a6 h5 64. Nd3 Ba7 65. Kc4 f3
66. gxf3+ Kxf3 67. Ne5+ Kg3 68. Nf7 Kf4 69. Kd3 g4 70. hxg4 hxg4 71. Ke2 g3 72.
Ng5 Kxg5 73. Kf3 Bf2 74. a7 Bxa7 75. Kxg3 Kf5 76. Kf3 Ke5 77. Ke2 Bb6 78. Kd3
Kd5 79. Kc3 Kc5 80. b4+ Kb5 81. Kb3 Kc6 82. c4 Bd4 83. Ka4 Kb6 1/2-1/2

[Event "France Jeunes Belfort 2017"]
[Site "Belfort"]
[Date "2017.04.22"]
[Round "8.4"]
[White "Randrianarimanana, Alicia"]
[Black "Gospodaru, Teodora"]
[Result "0-1"]
[WhiteElo "1636"]
[BlackElo "1827"]
[PlyCount "110"]
[EventDate "2017.??.??"]
[TimeControl "6000+1055"]
[WhiteClock "0:02:09"]
[BlackClock "0:20:13"]

1. d4 Nf6 2. Nf3 g6 3. Nc3 Bg7 4. e4 d6 5. h3 O-O 6. Be3 Nbd7 7. e5 dxe5 8.
dxe5 Ne8 9. e6 fxe6 10. Ng5 Bxc3+ 11. bxc3 Ng7 12. Bc4 Ne5 13. Bb3 Qxd1+ 14.
Rxd1 Nc6 15. O-O b6 16. Rfe1 h6 17. Nf3 Kh7 18. Bc1 Na5 19. Nd4 Rd8 20. Nb5
Rxd1 21. Rxd1 a6 22. Nd4 c5 23. Nf3 c4 24. Ba3 cxb3 25. cxb3 Nc6 26. Nd4 Nxd4
27. Rxd4 Nf5 28. Rd8 b5 29. g4 Nd6 30. Bxd6 exd6 31. Rxd6 Ra7 32. Rc6 Bd7 33.
Rd6 Kg7 34. Kf1 Kf6 35. h4 Ke7 36. Rd3 Bc6 37. g5 h5 38. Rd4 e5 39. Rd2 Rd7 40.
Ke2 Rxd2+ 41. Kxd2 Ke6 42. Kd3 Kd5 43. f3 Kc5 44. Ke3 a5 45. f4 exf4+ 46. Kxf4
Bd7 47. Ke3 Bf5 48. Kf4 Bb1 49. a3 Bc2 50. c4 Bxb3 51. Ke3 bxc4 52. Kd2 Kd4 53.
Kc1 Ke4 54. Kb2 a4 55. Kc3 Kf4 0-1

[Event "France Jeunes Belfort 2017"]
[Site "Belfort"]
[Date "2017.04.22"]
[Round "8.4"]
[White "Roux, Baptiste"]
[Black "Meillon, Judicael"]
[Result "0-1"]
[WhiteElo "1934"]
[BlackElo "1884"]
[PlyCount "112"]
[EventDate "2017.??.??"]
[TimeControl "6000+930"]
[WhiteClock "0:03:54"]
[BlackClock "0:37:42"]

1. e4 c5 2. Nf3 d6 3. c3 Nf6 4. h3 Nc6 5. d4 cxd4 6. cxd4 Nxe4 7. d5 Qa5+ 8.
Nc3 Nxc3 9. bxc3 Ne5 10. Nxe5 dxe5 11. Rb1 a6 12. Be2 g6 13. O-O Bg7 14. d6
exd6 15. Qxd6 Qd8 16. Qa3 Qe7 17. Bf3 Qxa3 18. Bxa3 Bf8 19. Bxf8 Kxf8 20. Bxb7
Bxb7 21. Rxb7 Kg7 22. Rd1 Rhd8 23. Rxd8 Rxd8 24. g3 Rd6 25. Rb2 Kf6 26. c4 Ke6
27. a4 Rc6 28. Kf1 Kd6 29. Ke2 Rxc4 30. Rb6+ Rc6 31. Rb7 Ke6 32. Kd3 h5 33. g4
hxg4 34. hxg4 f5 35. gxf5+ gxf5 36. Rh7 Kd5 37. f3 Rb6 38. Rf7 f4 39. Ra7 Rb3+
40. Ke2 Rb6 41. Kd3 Kc5 42. Re7 Rb3+ 43. Kd2 Re3 44. Re6 a5 45. Rh6 Rxf3 46.
Rh1 Kb4 47. Ra1 Ra3 48. Re1 Re3 49. Ra1 e4 50. Rf1 Rf3 51. Re1 e3+ 52. Kd3 Rf2
53. Rb1+ Kxa4 54. Ra1+ Kb3 55. Rxa5 Rd2+ 56. Ke4 e2 0-1

[Event "France Jeunes Belfort 2017"]
[Site "Belfort"]
[Date "2017.04.22"]
[Round "8.5"]
[White "Dudognon, Thibault"]
[Black "Le Gouic, Brendan"]
[Result "1-0"]
[WhiteElo "2218"]
[BlackElo "1736"]
[PlyCount "67"]
[EventDate "2017.??.??"]
[TimeControl "6000+885"]
[WhiteClock "0:29:38"]
[BlackClock "0:18:21"]

1. c4 e6 2. g3 Nf6 3. Bg2 d5 4. Nf3 c5 5. O-O Nc6 6. b3 Be7 7. Bb2 d4 8. e3 e5
9. exd4 exd4 10. Re1 O-O 11. Ne5 Nb4 12. a3 Na6 13. d3 Rb8 14. Nd2 Bd6 15. b4
Bxe5 16. Rxe5 b6 17. b5 Nc7 18. h3 Qd6 19. Re1 Bf5 20. Nf3 Rfe8 21. a4 Rxe1+
22. Nxe1 Re8 23. Bc1 Ne6 24. a5 g5 25. axb6 axb6 26. Nf3 g4 27. Nh4 Qe5 28. Bc6
Rb8 29. Ra2 gxh3 30. f4 Bg4 31. fxe5 Bxd1 32. exf6 h6 33. Nf5 Ng5 34. Nxh6+ 1-0

[Event "France Jeunes Belfort 2017"]
[Site "Belfort"]
[Date "2017.04.22"]
[Round "8.6"]
[White "Viennot, Dylan"]
[Black "Imperiali, Joris"]
[Result "1-0"]
[WhiteElo "2263"]
[BlackElo "1922"]
[PlyCount "93"]
[EventDate "2017.??.??"]
[TimeControl "6000+685"]
[WhiteClock "0:39:47"]
[BlackClock "0:01:07"]

1. d4 Nf6 2. Bf4 c5 3. e3 e6 4. Nf3 Nc6 5. c3 cxd4 6. exd4 Be7 7. Bd3 b6 8. h3
Bb7 9. Nbd2 d6 10. Qe2 O-O 11. O-O-O Rc8 12. Kb1 Re8 13. Ne4 Nd5 14. Bd2 e5 15.
dxe5 Nxe5 16. Nxe5 dxe5 17. g4 Qc7 18. g5 Nf4 19. Bxf4 exf4 20. h4 Rcd8 21. f3
Kh8 22. Rde1 Qd7 23. Bb5 Bc6 24. Bxc6 Qxc6 25. Rd1 Rxd1+ 26. Rxd1 Rd8 27. Rxd8+
Bxd8 28. Qd3 Be7 29. Qd2 Qc7 30. Kc2 f5 31. Nf2 Bc5 32. Qd5 g6 33. Nd3 Be3 34.
h5 Kg7 35. h6+ Kf8 36. Ne5 Bc5 37. Qe6 Qe7 38. Nd7+ Ke8 39. Nf6+ Kd8 40. Qg8+
Qf8 41. Qxh7 Be7 42. Qxg6 Kc7 43. Nd5+ Kd8 44. Nxe7 Kxe7 45. h7 Kd7 46. Qf6 Qe8
47. Qd4+ 1-0

[Event "France Jeunes Belfort 2017"]
[Site "Belfort"]
[Date "2017.04.23"]
[Round "9.1"]
[White "Caloone, Thomas"]
[Black "Tahay, Alexis"]
[Result "0-1"]
[WhiteElo "2149"]
[BlackElo "2239"]
[PlyCount "134"]
[EventDate "2017.??.??"]
[TimeControl "6000+1190"]
[WhiteClock "0:02:46"]
[BlackClock "0:10:37"]

1. e4 c5 2. Nf3 d6 3. d4 cxd4 4. Nxd4 Nf6 5. Nc3 Nc6 6. Be2 e5 7. Nb3 Be7 8.
O-O O-O 9. Be3 a5 10. f3 a4 11. Nd2 a3 12. Nc4 axb2 13. Rb1 Nd4 14. Rxb2 Nxe2+
15. Qxe2 Be6 16. Nb6 Ra3 17. Ncd5 Bxd5 18. exd5 Qc7 19. c4 Nd7 20. Nxd7 Qxd7
21. Rfb1 Rb8 22. Rb3 Rxb3 23. Rxb3 h5 24. Qb2 Qa4 25. Rxb7 Qd1+ 26. Kf2 Rxb7
27. Qxb7 Qc2+ 28. Ke1 Bf8 29. Bd2 Qxa2 30. Qc8 Qc2 31. Ke2 Qg6 32. Kf2 Qf6 33.
Ke2 Qh4 34. Bb4 Qe7 35. Kf2 g6 36. g3 Kg7 37. Qb8 Qf6 38. Ke2 g5 39. Ba3 g4 40.
f4 Qg6 41. f5 Qf6 42. Qc7 h4 43. gxh4 Qxh4 44. Bxd6 Qxh2+ 45. Ke1 Qg3+ 46. Kf1
Qf4+ 47. Kg1 Qe3+ 48. Kg2 Bxd6 49. Qxd6 Qf3+ 50. Kg1 Qg3+ 51. Kf1 Qf4+ 52. Kg2
Qe4+ 53. Kg3 Qxf5 54. Qe7 Kg6 55. Qa3 Qf4+ 56. Kg2 Qxc4 57. Qd6+ f6 58. Qe6
Qe2+ 59. Kg1 Kg5 60. Qf7 f5 61. d6 Qd1+ 62. Kg2 Qd2+ 63. Kg1 Qxd6 64. Qg8+ Kf4
65. Kg2 Qd2+ 66. Kf1 Qd3+ 67. Kg1 Kg3 0-1

[Event "France Jeunes Belfort 2017"]
[Site "Belfort"]
[Date "2017.04.23"]
[Round "9.1"]
[White "Coiffait, Pierre-Basile"]
[Black "Travadon, Loic"]
[Result "0-1"]
[WhiteElo "2193"]
[BlackElo "2348"]
[PlyCount "60"]
[EventDate "2017.??.??"]
[TimeControl "6000+1035"]
[WhiteClock "0:00:54"]
[BlackClock "0:08:33"]

1. e4 g6 2. d4 Bg7 3. Nc3 d6 4. Nge2 Nc6 5. Be3 a6 6. a4 e5 7. h3 Nf6 8. Qd2
O-O 9. d5 Ne7 10. g4 c6 11. Bg2 cxd5 12. exd5 Nd7 13. Ng3 f5 14. gxf5 gxf5 15.
Bh6 Ng6 16. Rg1 Rf7 17. Bxg7 Kxg7 18. Bf3 e4 19. Be2 Nde5 20. Nh5+ Kh8 21. Qg5
Qf8 22. Nf4 Nxf4 23. Qxf4 Bd7 24. O-O-O Rg7 25. f3 exf3 26. Bxf3 Qe7 27. Rxg7
Qxg7 28. Ne2 Rc8 29. Rg1 Qxg1+ 30. Nxg1 Nd3+ 0-1